|
|
|
|
| LEADER |
00831nam a2200241 4500 |
| 001 |
000013863 |
| 003 |
10210 |
| 005 |
20150812150833.0 |
| 008 |
120323s1993 sd |
| 245 |
0 |
0 |
|a Đại Việt sử ký toàn thư
|
| 260 |
|
|
|a H.
|b Nxb. Khoa học xã hội
|c 1993
|
| 774 |
|
|
|d H.
|d Khoa học xã hội
|d 1993
|g T.1
|h 342tr
|w 10212
|
| 774 |
|
|
|a Lê Văn Hưu
|d Khoa học xã hội
|d H.
|d 1993
|g T.2
|h 528tr
|w 10213
|
| 774 |
|
|
|a Lê Văn Hưu
|d Khoa học xã hội
|d H.
|d 1993
|g T.3
|h 474tr
|w 10214
|
| 774 |
|
|
|a Lê Văn Hưu
|d Khoa học xã hội
|d H.
|d 1993
|g T.4
|h 673tr
|t Nguyên văn tiếng Hán
|w 10215
|
| OWN |
|
|
|a LSP
|
| 999 |
|
|
|a From the UDN01
|
| TYP |
|
|
|a Monograph
|
| TYP |
|
|
|a Printed language
|
| 980 |
|
|
|a Mạng thư viện Đại học Đà Nẵng
|